Italianos en Costa Rica 1502-1952: de Cristóbal Colón a San Vito de Java

Сохранить в:
Библиографические подробности
Главный автор: Bariatti, Rita
Формат: Текст
Опубликовано: San José: Universidad Autónoma de Centro América
Метки: Добавить метку
Нет меток, Требуется 1-ая метка записи!

MARC

LEADER 00000 a a2200000 04500
001 38582
003
040
020 |a 9968-42-003-4  
090 |a 1001 B252i  
100 |a Bariatti, Rita  
245 |a Italianos en Costa Rica 1502-1952: de Cristóbal Colón a San Vito de Java  
260 |a San José:   |b Universidad Autónoma de Centro América  
300 |a 457 p.   |b il.  
999 |c 16277  |d 16277